|
|
|
|
| LEADER |
00881cam a2200229 7i4500 |
| 001 |
0000070563 |
| 005 |
20220804090000.0 |
| 020 |
|
|
|a 9780429355325 (electronic book)
|
| 090 |
0 |
0 |
|a GB1001.72.H93
|b F73 2021
|
| 100 |
1 |
|
|a Franciss, F. O.
|
| 245 |
1 |
0 |
|a Hard rock hydraulics :
|b an introduction to modeling
|c Fernando Olavo Franciss.
|
| 264 |
|
|
|a Boca Raton:
|b CRC Press,
|c 2021.
|
| 300 |
|
|
|a 1 online resource (ix, 287 apges):
|b illustrations (some color), text fiel, PDF.
|
| 336 |
|
|
|a text
|2 rdacontent
|
| 337 |
|
|
|a computer
|2 rdamedia
|
| 338 |
|
|
|a online resource
|2 rdacarrier
|
| 650 |
|
0 |
|a Hydrogeological modeling
|
| 650 |
|
0 |
|a Hard rock mines and mining
|
| 655 |
|
0 |
|a Electronic books
|
| 856 |
4 |
2 |
|u http://library.unisel.edu.my/web/guest/mylibrary
|
| 997 |
|
|
|a Engineering & Life Sciences, Faculty
|b Engineering, Department
|
| 999 |
|
|
|a EBO0013833
|b EBOOK
|c EBOOK
|e Electronic resources
|